000 01014cam a2200229 4500
001 WB4037-05
008 040929n2004 000 0 eng u
035 _a(Sirsi) u127560
245 _aManufacturing recovery stalls
260 _c2004
490 _aCBI News Release
_v 23 September 2004 (2)
520 _aThe CBI industrial trends report for September 2004 is published and says that 24% of firms report that the level of order books was below normal and 18% said it was above normal. Export order books have been deteriorating since late spring with 30% of respondents saying order books were below normal whereas only 16% said they were above. For the CBI news release: http://www.cbi.org.uk/ndbs/press.nsf/0363c1f07c6ca 12a8025671c00381cc7/a54cb9088b41ef8780256f15004992 73?OpenDocument
590 _aWB
590 _aWB
650 _aCBI
650 _aINDUSTRIAL TRENDS
650 _aORDERS
650 _aOUTPUT
650 _aMANUFACTURING OUTPUT
690 _aECONOMIC ISSUES
942 _n0
999 _c118086
_d118086